[Event "let's have"]
[Site "SchemingMind.com"]
[Date "2020.12.03"]
[Round "-"]
[White "kenneth m day"]
[Black "Steven DuCharme"]
[Result "1-0"]
[WhiteCountry "USA"]
[BlackCountry "USA"]
[WhiteElo "1669"]
[WhiteRD "53"]
[BlackElo "1581"]
[BlackRD "62"]
[GameID "462728"]

1. e4 e5 2. f4 d5 3. exd5 Qxd5 4. Nc3 Qe6 5. Be2 exf4 6. d4 Bd6 7. Nf3 h6 8. O-O a6 9. Re1 Nf6 10. Bc4 Qxe1+
11. Qxe1+ Kd8 12. Bxf7 Rf8 13. Bg6 b6 14. Bd2 Bb7 15. Qf2 Nbd7 16. Re1
1-0

[Event "let's have"]
[Site "SchemingMind.com"]
[Date "2020.12.03"]
[Round "-"]
[White "Brerrabbit"]
[Black "kenneth m day"]
[Result "0-1"]
[WhiteCountry "SCO"]
[BlackCountry "USA"]
[WhiteElo "1349"]
[WhiteRD "94"]
[BlackElo "1669"]
[BlackRD "53"]
[GameID "462729"]

1. e4 e5 2. f4 exf4 3. Nf3 d6 4. d4 g5 5. e5 Bg7 6. Qe2 Qe7 7. g3 Bg4 8. Nbd2 Nc6 9. Qc4 O-O-O 10. Bg2 dxe5
11. d5 Nd4 12. Ne4 Bxf3 13. Rg1 Bxe4 14. Bxe4 Nf6 15. Bf5+ Nxf5
0-1

[Event "let's have"]
[Site "SchemingMind.com"]
[Date "2020.12.03"]
[Round "-"]
[White "kenneth m day"]
[Black "Brerrabbit"]
[Result "1-0"]
[WhiteCountry "USA"]
[BlackCountry "SCO"]
[WhiteElo "1669"]
[WhiteRD "53"]
[BlackElo "1349"]
[BlackRD "94"]
[GameID "462730"]

1. e4 e5 2. f4 d5 3. exd5 e4 4. Nc3 Nf6 5. d3 Bb4 6. Bd2 Bg4 7. Be2 Qd7 8. a3 Bc5 9. dxe4 Bxe2 10. Qxe2 O-O
11. O-O-O c6 12. Be3 b6 13. Nf3 Bd6 14. e5 Be7 15. exf6 Bxf6 16. Ne5 Qd6 17. dxc6
1-0

[Event "let's have"]
[Site "SchemingMind.com"]
[Date "2020.12.03"]
[Round "-"]
[White "Kenny Elliott"]
[Black "kenneth m day"]
[Result "1-0"]
[WhiteCountry "USA"]
[BlackCountry "USA"]
[WhiteElo "1562"]
[WhiteRD "54"]
[BlackElo "1707"]
[BlackRD "52"]
[GameID "462731"]

1. e4 e5 2. f4 exf4 3. Nf3 d6 4. d4 g5 5. Nc3 Bg7 6. Qd3 Nc6 7. Be2 h6 8. Bd2 Nge7 9. O-O-O O-O 10. g3 f5
11. gxf4 fxe4 12. Nxe4 Nd5 13. fxg5 Nf4 14. Bxf4 Rxf4 15. gxh6 Bxh6 16. Rdg1+ Bg4 17. Ned2 Kh8 18. Qg6 Qf6 19. Qxf6+ Rxf6 20. Rxg4 Raf8
21. Kd1 Re6 22. d5 Ref6 23. dxc6 bxc6 24. Rh4 Kg7 25. Rg1+ Kf7 26. Ng5+ Ke7 27. Nh7
1-0

[Event "let's have"]
[Site "SchemingMind.com"]
[Date "2020.12.03"]
[Round "-"]
[White "kenneth m day"]
[Black "Kenny Elliott"]
[Result "1-0"]
[WhiteCountry "USA"]
[BlackCountry "USA"]
[WhiteElo "1707"]
[WhiteRD "52"]
[BlackElo "1562"]
[BlackRD "54"]
[GameID "462732"]

1. e4 e5 2. f4 Bc5 3. Nf3 Nf6 4. Nc3 Ng4 5. d4 Bxd4 6. Nxd4 exd4 7. Qxg4 O-O 8. Ne2 d6 9. Qf3 Nc6 10. Bd2 b6
11. O-O-O Bb7 12. Ng3 Qe8 13. Bd3 a5 14. Bb5 Qe6 15. Kb1 Nb4 16. Bxb4 axb4 17. Qb3 Qxb3 18. cxb3 c5 19. Rhe1 Ra5 20. Bc4 Rfa8
21. Nf5 d5 22. Bxd5 Bxd5 23. Ne7+ Kf8 24. Nxd5 Rxa2 25. Nxb6 Ra1+ 26. Kc2 Rxd1 27. Rxd1 Rd8 28. Na4 Rc8 29. Kd3 Ke7 30. Rc1 Kd6
31. Nb6 Rc6 32. Nc4+ Ke6 33. Ne5 Rc7 34. Rc4 f6 35. Nf3 h6 36. Nxd4+ Kd7 37. Nc2 g5 38. g3 Ke7 39. Nxb4 gxf4 40. Nd5+
1-0

[Event "let's have"]
[Site "SchemingMind.com"]
[Date "2020.12.03"]
[Round "-"]
[White "cnile"]
[Black "kenneth m day"]
[Result "0-1"]
[WhiteCountry "SCO"]
[BlackCountry "USA"]
[WhiteElo "1433"]
[WhiteRD "62"]
[BlackElo "1669"]
[BlackRD "53"]
[GameID "462733"]

1. e4 e5 2. f4 exf4 3. Nf3 d6 4. d4 g5 5. Bc4 h6 6. Nc3 Bg7 7. O-O Ne7 8. h4 Bg4 9. hxg5 Bxf3 10. Qxf3 hxg5
11. g3 Bxd4+ 12. Kg2 Nbc6 13. Nd5 Ne5 14. Nf6+ Kf8 15. c3 Nxf3 16. Kxf3 Bxf6 17. gxf4 Ng6 18. fxg5 Ne5+
0-1

[Event "let's have"]
[Site "SchemingMind.com"]
[Date "2020.12.03"]
[Round "-"]
[White "kenneth m day"]
[Black "cnile"]
[Result "1-0"]
[WhiteCountry "USA"]
[BlackCountry "SCO"]
[WhiteElo "1695"]
[WhiteRD "51"]
[BlackElo "1387"]
[BlackRD "62"]
[GameID "462734"]

1. e4 e5 2. f4 exf4 3. Nf3 g5 4. Nc3 h6 5. d4 d6 6. Bc4 Bg4 7. O-O Bg7 8. Qd3 Nd7 9. Bd2 Ne7 10. e5 dxe5
11. dxe5 Nxe5 12. Nxe5 Bxe5 13. Rfe1 Qxd3 14. Bxd3 f6 15. Rab1 O-O-O 16. h3 Be6 17. b3 Bd7 18. Ne4 Nf5 19. Nc5 Bd4+ 20. Kh2 Bxc5
21. b4 Bd6 22. c4 f3+ 23. Kg1 f2+ 24. Kxf2 Bg3+ 25. Kf1 Rde8 26. Rec1 Nd4 27. Bc3 Be5 28. Rd1 Rhf8 29. Bg6 Re7 30. Bxd4 Bxd4
31. Rxd4 f5 32. Rbd1 f4 33. Kf2 Rf6 34. Bh5 Rfe6 35. Bg4 Rd6 36. Rxd6 cxd6 37. Rxd6 Bxg4 38. hxg4 Rh7 39. c5 Kc7 40. a3 a6
41. Rg6 Rd7 42. Rxh6 Rd2+ 43. Kg1 Rd3 44. Rg6 Rxa3 45. Rxg5 Rb3 46. Rf5 Rxb4 47. g5 Kc6 48. g6 Rb3 49. Kh2 Rd3 50. g7 Rd8
51. Rf8
1-0

[Event "let's have"]
[Site "SchemingMind.com"]
[Date "2020.12.03"]
[Round "-"]
[White "Phillip Beckett"]
[Black "kenneth m day"]
[Result "0-1"]
[WhiteCountry "ENG"]
[BlackCountry "USA"]
[WhiteElo "1451"]
[WhiteRD "50"]
[BlackElo "1669"]
[BlackRD "53"]
[GameID "462735"]

1. e4 e5 2. f4 exf4 3. Nf3 d6 4. d4 g5 5. Bc4 h6 6. O-O Bg7 7. e5 Bg4 8. exd6 Qxd6 9. c3 Ne7 10. h3 Bh5
11. Be2 Nbc6 12. Ne5 Bxe2 13. Qxe2 Nxe5 14. dxe5 Bxe5 15. Rd1 Qc5+ 16. Kh1 O-O 17. Nd2 Rfe8 18. Nb3 Qc6 19. Bd2 Nf5 20. Qf3 Qxf3
21. gxf3 Rad8 22. Be1 Ne3 23. Rxd8 Rxd8 24. Kg1 c6 25. Bf2 b6 26. Bxe3 fxe3 27. Kf1 f5 28. Ke2 f4 29. Rd1 Rxd1 30. Kxd1 Kg7
31. Ke2 Kg6 32. Nc1 Kh5 33. Nd3 Bd6 34. c4 Kh4 35. c5 bxc5
0-1

[Event "let's have"]
[Site "SchemingMind.com"]
[Date "2020.12.03"]
[Round "-"]
[White "kenneth m day"]
[Black "Phillip Beckett"]
[Result "1-0"]
[WhiteCountry "USA"]
[BlackCountry "ENG"]
[WhiteElo "1669"]
[WhiteRD "53"]
[BlackElo "1451"]
[BlackRD "50"]
[GameID "462736"]

1. e4 e5 2. f4 Qh4+ 3. g3 Qe7 4. d3 exf4 5. Bxf4 d5 6. Nc3 c6 7. Bg2 dxe4 8. dxe4 Nf6 9. Qd3 Nbd7 10. O-O-O Nb6
11. Nf3 Bd7 12. Rhe1 O-O-O 13. Qe3 Nh5 14. Be5 f6 15. Bd6 Qf7 16. Qc5 Bxd6 17. Rxd6 g6 18. Red1 Be6 19. Nb5 Rxd6 20. Nxd6+
1-0

[Event "let's have"]
[Site "SchemingMind.com"]
[Date "2020.12.02"]
[Round "-"]
[White "kenneth m day"]
[Black "ray winteringham"]
[Result "1-0"]
[WhiteCountry "USA"]
[BlackCountry "ENG"]
[WhiteElo "1669"]
[WhiteRD "53"]
[BlackElo "1512"]
[BlackRD "49"]
[GameID "462737"]

1. e4 e5 2. f4 a6 3. Nf3 exf4 4. d4 d6 5. Bxf4 h6 6. Bc4 Be7 7. Nc3 Bg4 8. O-O g5 9. Be3 Nd7 10. Qd3 c6
11. Rae1 Qc7 12. e5 d5 13. Bb3 O-O-O 14. Nd2 f6 15. exf6 Bxf6 16. Bf2 Ne7 17. Bg3 Qb6 18. Rxf6 Nxf6 19. Rxe7 Rhe8 20. Rc7+ Kb8
21. Rxc6+ Ka7 22. Rxb6
1-0

[Event "let's have"]
[Site "SchemingMind.com"]
[Date "2020.12.02"]
[Round "-"]
[White "ray winteringham"]
[Black "kenneth m day"]
[Result "0-1"]
[WhiteCountry "ENG"]
[BlackCountry "USA"]
[WhiteElo "1512"]
[WhiteRD "49"]
[BlackElo "1669"]
[BlackRD "53"]
[GameID "462738"]

1. e4 e5 2. f4 exf4 3. d4 Qh4+ 4. Kd2 Nf6 5. Qe1 Qxe1+ 6. Kxe1 Nxe4 7. Bxf4 d5 8. Bxc7 Nc6 9. c3 Bf5 10. Bb5 Be7
11. Ne2 O-O 12. Nd2 Nxd2 13. Kxd2 Rac8 14. Bg3 Rfe8 15. Nf4 Bg5 16. Rae1 h6 17. Bxc6 bxc6 18. Rhf1 Be4 19. Kd1 Bxf4 20. Bxf4 Bxg2
21. Rg1 Bf3+ 22. Kd2 g5 23. Be3 f5 24. Ref1 Be4 25. Bf2 f4 26. Be3 fxe3+ 27. Ke2 Bg6 28. Rf3 Bh5
0-1